Statistics for TOP UNC Basketball Scorers

Click here to take the quiz!

General Stats

  • This quiz has been taken 27 times
  • The average score is 3 of 9

Answer Stats

HintAnswer% Correct
2,872 Points from 2006-2009Tyler Hansbrough
100%
2,145 Points from 1975-1978Phil Ford
54%
2,045 Points from 1981-1984Sam Perkins
38%
2,015 Points from 1978-1981Al Wood
25%
1,974 Points from 1996-1998Antawn Jamison
25%
2,007 Points from 1968-1970Charlie Scott
21%
1,982 Points from 1966-1968Larry Miller
21%
1,912 Points from 1983-1986Brad Daugherty
17%
1,863 Points from 1974-1977Walter Davis
17%

Score Distribution

Percentile by Number Answered

Percent of People with Each Score

Your Score History

You have not taken this quiz